000 00580nam a2200193 4500
005 20260318061917.0
008 260318b |||||||| |||| 00| 0 eng d
020 _a9780553095036
050 _aBF561
_b.G65 1995
100 _aDaniel Goleman
245 _aEmotional intelligence :
_bwhy it can matter more than IQ /
260 _aNew York;
_bBantam books,
_c1995
300 _axiv, 352 p.:
_c24 cm.
500 _aIncludes bibliographical references and index.
650 _aEmotions.
650 _aEmotional intelligence.
650 _aSocial intelligence.
942 _2lcc
_cBK
999 _c60272
_d60272